|
|
|
|
| LEADER |
04536nam a22006731 4500 |
| 001 |
c000355302 |
| 003 |
CARM |
| 005 |
00000000000000.0 |
| 008 |
760528m19589999sz a 00000 ger c |
| 019 |
1 |
|
|a 117079
|5 LACONCORD2021
|
| 020 |
|
|
|a 3716501026 (Bd. 2)
|
| 020 |
|
|
|a 3716501034 (Bd. 3)
|
| 020 |
|
|
|a 3716501042 (Bd. 4)
|
| 020 |
|
|
|a 3716501085 (Bd. 8)
|
| 020 |
|
|
|a 3716501093 (Bd. 9)
|
| 035 |
|
|
|a (OCoLC)217427
|5 LACONCORD2021
|
| 040 |
|
|
|a Arizona University Library.
|c WaU
|d NU
|d VMOU
|d NU
|
| 050 |
0 |
0 |
|a PT2432
|b .A1 1958
|
| 100 |
1 |
|
|a Meyer, Conrad Ferdinand,
|d 1825-1898.
|
| 240 |
1 |
0 |
|a Works.
|f 1958
|
| 245 |
1 |
0 |
|a Sämtliche Werke :
|b historisch-kritische Ausgabe /
|c besorgt von Hans Zeller und Alfred Zäch.
|
| 260 |
|
|
|a [Bern] :
|b Benteli,
|c 1958-1996.
|
| 300 |
|
|
|a 15 v. in 16 :
|b ill. ;
|c 21 cm.
|
| 500 |
|
|
|a Half title. Each vol. has special t.p.
|
| 500 |
|
|
|a "Abkürzungen und Zeichen": 2. p. inserted in v. 2.
|
| 505 |
1 |
|
|a 1. Bd. Gedichte -- 2. Bd. Gedichte. Bericht des Herausgebers. Apparat zu den Abteilungen I und II --3. Bd. Gedichte. Apparat zu den Abteilungen III und IV --4. Bd. Gedichte. Apparat zu den Abteilungen V, VI und VII -- 5. Bd. Gedichte. 1. Teil. Apparat und Kommentar zu den Abteilungen VIII und IX. 2. Teil. Nachträge zu den Bänden 1 bis 4, 6 und 7. Verzeichnisse und Register -- 6. Bd. Bilder und Balladen. Zwanzig Balladen. Romanzen und Bilder -- 7. Bd. Die Gedichte aus dem Nachlass. Text und Apparat -- 8. Bd. Huttens letzte Tage. Eine Dichtung -- 9. Bd. Engelberg. Eine Dichtung -- 10. Bd. Jürg Jenatsch. Eine Bündnergeschichte --11. Bd. Novellen I: Das Amulett. Der Schuss von der Kanzel. Plautus im Nonnenkloster. Gustav Adolfs Page --12. Bd. Novellen II: Die Hochzeit des Mönchs. Das Leiden eines Knaben. Die Richterin --13. Bd. Der Heilige. Die Versuchung des Pescara -- 14. Bd. Angela Borgia. Novelle -- 15. Bd. Clara Entwürfe. Kleine Schriften.
|
| 700 |
1 |
|
|a Zeller, Hans,
|d 1926-
|
| 700 |
1 |
|
|a Zäch, Alfred.
|
| 852 |
8 |
|
|b CARM
|h A1:AL12A0
|i A05173
|p 0445244
|f BK
|
| 852 |
8 |
|
|b CARM
|h A1:AL12A0
|i A05173
|p 0445245
|f BK
|
| 852 |
8 |
|
|b CARM
|h A1:AL12A0
|i A05173
|p 0445247
|f BK
|
| 852 |
8 |
|
|b CARM
|h A1:AL12F0
|i B09908
|p 0455433
|f BK
|
| 852 |
8 |
|
|b CARM
|h A1:AL12A0
|i A05173
|p 0445246
|f BK
|
| 852 |
8 |
|
|b CARM
|h A1:AL12A0
|i A05173
|p 0445243
|f BK
|
| 852 |
8 |
|
|b CARM
|h A1:AL12F0
|i B09908
|p 0455434
|f BK
|
| 852 |
8 |
|
|b CARM
|h A1:AL12A0
|i A05173
|p 0445249
|f BK
|
| 852 |
8 |
|
|b CARM
|h A1:AL12A0
|i A05173
|p 0445248
|f BK
|
| 852 |
8 |
|
|b CARM
|h A1:AL12A0
|i A05173
|p 0445254
|f BK
|
| 852 |
8 |
|
|b CARM
|h A1:AL12A0
|i A05173
|p 0445242
|f BK
|
| 852 |
8 |
|
|b CARM
|h A1:AL06a0
|i A05172
|p 0455414
|f BK
|
| 852 |
8 |
|
|b CARM
|h A1:AL02A0
|i A05164
|p 0445147
|f BK
|
| 852 |
8 |
|
|b CARM
|h A1:AM36C0
|i B09794
|p 0441563
|f BK
|
| 852 |
8 |
|
|b CARM
|h A1:AL12F0
|i B09908
|p 0455432
|f BK
|
| 999 |
f |
f |
|i 20a22bba-ecff-515e-9dc6-db91f9435a49
|s b05b02ed-14be-5a4c-a5ac-7ec97408c682
|
| 952 |
f |
f |
|p Can circulate
|a CAVAL
|b CAVAL
|c CAVAL
|d CARM 1 Store
|e B09794
|f A1:AM36C0
|h Other scheme
|i book
|m 0441563
|
| 952 |
f |
f |
|p Can circulate
|a CAVAL
|b CAVAL
|c CAVAL
|d CARM 1 Store
|e A05173
|f A1:AL12A0
|h Other scheme
|i book
|m 0445247
|
| 952 |
f |
f |
|p Can circulate
|a CAVAL
|b CAVAL
|c CAVAL
|d CARM 1 Store
|e A05164
|f A1:AL02A0
|h Other scheme
|i book
|m 0445147
|
| 952 |
f |
f |
|p Can circulate
|a CAVAL
|b CAVAL
|c CAVAL
|d CARM 1 Store
|e A05173
|f A1:AL12A0
|h Other scheme
|i book
|m 0445246
|
| 952 |
f |
f |
|p Can circulate
|a CAVAL
|b CAVAL
|c CAVAL
|d CARM 1 Store
|e B09908
|f A1:AL12F0
|h Other scheme
|i book
|m 0455433
|
| 952 |
f |
f |
|p Can circulate
|a CAVAL
|b CAVAL
|c CAVAL
|d CARM 1 Store
|e A05173
|f A1:AL12A0
|h Other scheme
|i book
|m 0445254
|
| 952 |
f |
f |
|p Can circulate
|a CAVAL
|b CAVAL
|c CAVAL
|d CARM 1 Store
|e A05173
|f A1:AL12A0
|h Other scheme
|i book
|m 0445245
|
| 952 |
f |
f |
|p Can circulate
|a CAVAL
|b CAVAL
|c CAVAL
|d CARM 1 Store
|e A05173
|f A1:AL12A0
|h Other scheme
|i book
|m 0445248
|
| 952 |
f |
f |
|p Can circulate
|a CAVAL
|b CAVAL
|c CAVAL
|d CARM 1 Store
|e B09908
|f A1:AL12F0
|h Other scheme
|i book
|m 0455434
|
| 952 |
f |
f |
|p Can circulate
|a CAVAL
|b CAVAL
|c CAVAL
|d CARM 1 Store
|e A05173
|f A1:AL12A0
|h Other scheme
|i book
|m 0445243
|
| 952 |
f |
f |
|p Can circulate
|a CAVAL
|b CAVAL
|c CAVAL
|d CARM 1 Store
|e A05173
|f A1:AL12A0
|h Other scheme
|i book
|m 0445242
|
| 952 |
f |
f |
|p Can circulate
|a CAVAL
|b CAVAL
|c CAVAL
|d CARM 1 Store
|e A05173
|f A1:AL12A0
|h Other scheme
|i book
|m 0445249
|
| 952 |
f |
f |
|p Can circulate
|a CAVAL
|b CAVAL
|c CAVAL
|d CARM 1 Store
|e B09908
|f A1:AL12F0
|h Other scheme
|i book
|m 0455432
|
| 952 |
f |
f |
|p Can circulate
|a CAVAL
|b CAVAL
|c CAVAL
|d CARM 1 Store
|e A05173
|f A1:AL12A0
|h Other scheme
|i book
|m 0445244
|
| 952 |
f |
f |
|p Can circulate
|a CAVAL
|b CAVAL
|c CAVAL
|d CARM 1 Store
|e A05172
|f A1:AL06a0
|h Other scheme
|i book
|m 0455414
|